00291nam a2200085 45000820010000002420084000102450080000942600020001743000011001940 a221.600aLessons from the Old Testament in the words of the Bible, in Dinka, Bor dialect11aPiööc de lëk thɛɛr :bNë wël cï ke kuɛ̈ny bei në bainolic bS.P.C.Kcc.1996 a214 p.